| 000 | nam a22 7a 4500 | ||
|---|---|---|---|
| 999 |
_c234621 _d234621 |
||
| 003 | Nust | ||
| 005 | 20170328111448.0 | ||
| 008 | 170328b xxu||||| |||| 00| 0 eng d | ||
| 020 | _a9788130915753 | ||
| 040 | _cASAB | ||
| 082 | _a660.6 | ||
| 245 |
_aProcess biotechnology fundamentals _cby S.N. Mukhopadhyay |
||
| 250 | _a3rd Ed | ||
| 300 | _a614 p. | ||
| 942 |
_2ddc _cBK |
||